[Event "South Wales op 12th"]
[Site "Cardiff"]
[Date "2015.07.12"]
[Round "3"]
[White "Price, Hugh"]
[Black "Orton, Paul"]
[Result "1/2-1/2"]
[WhiteElo "1738"]
[BlackElo "1622"]
[PlyCount "62"]
[EventDate "2015.07.11"]
[EventType "swiss"]
[EventRounds "10"]
[EventCountry "WLS"]
[SourceTitle "EXT 2016"]
[Source "ChessBase"]
[SourceDate "2015.10.08"]
[SourceVersion "1"]
[SourceVersionDate "2015.10.08"]
[SourceQuality "1"]

1. e4 c5 2. Nf3 Nc6 3. d4 cxd4 4. Nxd4 Nf6 5. Nc3 e6 6. Bg5 Be7 7. Be2 Nxe4 8. Bxe7 Nxc3 9. Bxd8 Nxd1 10. Nxc6 bxc6 11. Rxd1 Kxd8 12. Bf3 Ke7 13. 0-0 a5 14. Rfe1 Ba6 15. b3 Rhd8 16. c4 Bb7 17. c5 d5 18. cxd6+ Rxd6 19. Rc1 f6 20. Rc5 Ra6 21. g4 a4 22. b4 Rb6 23. a3 Rd3 24. Re3 Rxe3 25. fxe3 Kd6 26. Bd1 Ra6 27. Kf2 e5 28. e4 g5 29. Ke3 Ra8 30. Kd2 Ra7 31. Kc3 Ra8 1/2-1/2

[Event "South Wales op 10th"]
[Site "Penarth"]
[Date "2013.07.14"]
[Round "1"]
[White "De Brouwere, Johan"]
[Black "Price, Hugh"]
[Result "0-1"]
[WhiteElo "1727"]
[BlackElo "1777"]
[PlyCount "98"]
[EventDate "2013.07.14"]
[EventType "swiss"]
[EventRounds "9"]
[EventCountry "WLS"]
[SourceTitle "CBM 155 Extra"]
[Source "ChessBase"]
[SourceDate "2013.08.26"]
[SourceVersion "1"]
[SourceVersionDate "2013.08.26"]
[SourceQuality "1"]

1. d4 Nf6 2. Nf3 g6 3. g3 Bg7 4. Bg2 0-0 5. 0-0 d6 6. c4 c5 7. Nc3 cxd4 8. Nxd4 Qd7 9. e4 Nc6 10. Ndb5 a6 11. Na3 Rb8 12. Be3 Qe6 13. Qe2 Qd7 14. Rfd1 Qe8 15. Bb6 Bg4 16. f3 Be6 17. Nd5 Rc8 18. Be3 Nd7 19. Rab1 f5 20. Bh3 Qf7 21. Nf4 Nd8 22. Nxe6 Nxe6 23. exf5 gxf5 24. Rd5 Qg6 25. Re1 Be5 26. Kh1 Qh5 27. Qg2 Ng5 28. Bxg5 e6 29. Rd3 Nc5 30. Rde3 Bd4 31. Be7 Rfe8 32. Bxd6 Bxe3 33. g4 Qh4 34. gxf5+ Bg5 35. Bg3 Qd4 36. Be5 Qd2 37. Qxd2 Bxd2 38. Rg1+ Kf8 39. fxe6 Nxe6 40. f4 Rc6 41. f5 Ng5 42. Bg2 Rxe5 43. Bxc6 bxc6 44. Nb1 Be3 45. Rf1 Kf7 46. Nc3 Kf6 47. Kg2 Bd4 48. Na4 Re2+ 49. Kg3 Be5+ 0-1

[Event "South Wales op 7th"]
[Site "Treforest"]
[Date "2010.07.15"]
[Round "9"]
[White "Price, Hugh"]
[Black "Gregory, Stephen J"]
[Result "0-1"]
[WhiteElo "1769"]
[BlackElo "2116"]
[PlyCount "90"]
[EventDate "2010.07.10"]
[EventType "swiss"]
[EventRounds "9"]
[EventCountry "WLS"]
[SourceTitle "CBM 137 Extra"]
[Source "ChessBase"]
[SourceDate "2010.09.01"]
[SourceVersion "1"]
[SourceVersionDate "2010.09.01"]
[SourceQuality "1"]

1. e4 d6 2. d4 Nf6 3. Nc3 g6 4. Be3 Nbd7 5. Qd2 e5 6. Bc4 exd4 7. Bxd4 Bg7 8. Nge2 0-0 9. f3 Nb6 10. Bb3 Be6 11. Bxe6 fxe6 12. 0-0 c5 13. Bf2 Nc4 14. Qc1 Qb6 15. Rb1 Qa6 16. a4 Qc6 17. b3 Ne5 18. Be3 Rf7 19. Bh6 Bh8 20. Qe3 Re8 21. Bf4 Nh5 22. Kh1 d5 23. Nb5 a6 24. Na3 b5 25. axb5 axb5 26. c3 Nxf4 27. Nxf4 d4 28. cxd4 cxd4 29. Qd2 Ref8 30. Nd3 Qxe4 31. Nxe5 Qxe5 32. Rfe1 Qd5 33. Qd3 Rf5 34. Qe4 d3 35. Qxe6+ Qxe6 36. Rxe6 Ra8 37. Nxb5 Rxb5 38. Rd6 Rxb3 39. Rf1 Ra1 40. Kg1 Rxf1+ 41. Kxf1 Be5 42. Rd5 Bxh2 43. Rd8+ Kf7 44. Rd7+ Ke6 45. Rxh7 Bg3 0-1

[Event "South Wales op 7th"]
[Site "Treforest"]
[Date "2010.07.14"]
[Round "7"]
[White "Vickery, Steve"]
[Black "Price, Hugh"]
[Result "1/2-1/2"]
[WhiteElo "1782"]
[BlackElo "1769"]
[PlyCount "57"]
[EventDate "2010.07.10"]
[EventType "swiss"]
[EventRounds "9"]
[EventCountry "WLS"]
[SourceTitle "CBM 137 Extra"]
[Source "ChessBase"]
[SourceDate "2010.09.01"]
[SourceVersion "1"]
[SourceVersionDate "2010.09.01"]
[SourceQuality "1"]

1. d4 Nf6 2. c4 g6 3. Nc3 d5 4. cxd5 Nxd5 5. e4 Nxc3 6. bxc3 Bg7 7. Bc4 c5 8. Ne2 Nc6 9. Be3 Na5 10. Bb5+ Bd7 11. Qa4 Nc6 12. d5 Ne5 13. Bxd7+ Qxd7 14. Qxd7+ Nxd7 15. Rb1 b6 16. f4 Nf6 17. Ng3 Ng4 18. Bd2 h5 19. Ke2 Kd7 20. h3 Nf6 21. Kd3 Rab8 22. c4 Rhc8 23. a4 a6 24. Rhc1 Rd8 25. Bc3 Rb7 26. Rb3 Ne8 27. Rcb1 Bxc3 28. Kxc3 Rdb8 29. e5 1/2-1/2

[Event "South Wales op 7th"]
[Site "Treforest"]
[Date "2010.07.13"]
[Round "5"]
[White "Price, Hugh"]
[Black "Williams, Ron"]
[Result "1-0"]
[WhiteElo "1769"]
[BlackElo "1896"]
[PlyCount "79"]
[EventDate "2010.07.10"]
[EventType "swiss"]
[EventRounds "9"]
[EventCountry "WLS"]
[SourceTitle "CBM 137 Extra"]
[Source "ChessBase"]
[SourceDate "2010.09.01"]
[SourceVersion "1"]
[SourceVersionDate "2010.09.01"]
[SourceQuality "1"]

1. e4 e6 2. d4 d5 3. Nd2 dxe4 4. Nxe4 Be7 5. c3 Nf6 6. Bd3 Nbd7 7. Qf3 e5 8. Be3 exd4 9. Bxd4 c5 10. Bxf6 Nxf6 11. 0-0-0 Qa5 12. Nxf6+ Bxf6 13. Qe2+ Kf8 14. Kb1 Be6 15. Bc4 Re8 16. Bxe6 Rxe6 17. Qc2 g6 18. Ne2 Kg7 19. Nf4 Ra6 20. a3 Re8 21. Nd5 Bd8 22. Rd2 Qa4 23. Rhd1 Qxc2+ 24. Kxc2 Rae6 25. Nf4 Bg5 26. Nxe6+ Rxe6 27. Rd5 Bh6 28. Kb3 Re2 29. Rf1 b6 30. Rd7 a6 31. Rd6 b5 32. Rxa6 c4+ 33. Ka2 Bd2 34. Kb1 Be1 35. Ra5 Bxf2 36. Rxb5 Bh4 37. Rb4 Rxg2 38. Rxc4 Rxh2 39. a4 Rd2 40. Rxh4 1-0

[Event "South Wales op 7th"]
[Site "Treforest"]
[Date "2010.07.10"]
[Round "1"]
[White "Price, Hugh"]
[Black "Guy, David T"]
[Result "0-1"]
[WhiteElo "1769"]
[BlackElo "1956"]
[PlyCount "98"]
[EventDate "2010.07.10"]
[EventType "swiss"]
[EventRounds "9"]
[EventCountry "WLS"]
[SourceTitle "CBM 137 Extra"]
[Source "ChessBase"]
[SourceDate "2010.09.01"]
[SourceVersion "1"]
[SourceVersionDate "2010.09.01"]
[SourceQuality "1"]

1. e4 c5 2. Nf3 d6 3. d4 cxd4 4. Nxd4 Nf6 5. Nc3 g6 6. Be3 Bg7 7. h3 0-0 8. Bc4 Nc6 9. 0-0 Bd7 10. a4 Na5 11. Bb5 a6 12. Be2 Rc8 13. f3 Nc4 14. Bxc4 Rxc4 15. Nce2 Rxa4 16. c3 Rxa1 17. Qxa1 Qc7 18. Qc1 Rc8 19. Qd2 e5 20. Nc2 Be6 21. Nb4 Qc4 22. Rd1 Bf8 23. Nd3 Qc7 24. Nf2 Bb3 25. Rc1 b5 26. Ra1 a5 27. Nc1 Be6 28. Bg5 Nd7 29. Ng4 Bxg4 30. hxg4 Nc5 31. g3 a4 32. Qh2 Ne6 33. Be3 f6 34. Ne2 Qc4 35. Kf2 Rc7 36. Bb6 Rb7 37. Be3 Nc5 38. Nc1 d5 39. exd5 Qxd5 40. Kg2 e4 41. fxe4 Nxe4 42. Kh3 f5 43. g5 Qd1 44. Qe2 Qh1+ 45. Qh2 Qf3 46. Qg1 Bd6 47. Nd3 Qg4+ 48. Kh2 Bxg3+ 49. Kh1 Qh3+ 0-1